Florence Nightingale - Statistics

General Stats
  • This quiz has been taken 25 times
  • The average score is 4 of 17
Answer Stats
Question Answer % Correct
What was Nightingale's nationality? British
81%
Nightingale nursed during which war? Crimean War
81%
What was Nightingale known as? The Lady with the Lamp
63%
Where was Nightingale born? Italy
44%
Other than English, how many languages did she speak? Three
25%
Name the book that Nightingale wrote. Notes on Nursing
19%
What hospital did she work at during the Crimean War? Scutari
19%
Who did Nightingale meet in 1856? Queen Victoria
13%
The Nightingale Pledge is a modified version of what? The Hippocratic Oath
13%
Nightingale was consulted about managing field hospitals during which war? American Civil War
6%
What is Nightingale's birthday celebrated as today? International Nurses Day
6%
Florence Nightingale is considered what? The Founder of Modern Nursing
6%
The Nightingale Fund was established for what? Training nurses
6%
Nightingale believed that nursing was her what? Divine Purpose
0%
Why didn't Nightingale's parents want her to be a nurse? It wasn't considered respectable
0%
In 1907 she was presented with which award by King Edward? Order of Merit
0%
How many nurses worked under Nightingale during the Crimean War? Thirty Eight
0%
No matching quizzes found
Score Distribution
Percent of People with Each Score
Percentile by Number Answered
Your Score History
You have not taken this quiz